[Event "Tampere ELO Taraus"]
[Site "Tampere"]
[Date "1998.??.??"]
[Round "7"]
[White "Molander, Riku"]
[Black "Nokso Koivisto, Antti"]
[Result "1/2-1/2"]
[WhiteElo "2235"]
[BlackElo "2215"]

1.Nf3 Nf6 2.c4 c5 3.Nc3 b6 4.g3 Bb7 5.Bg2 e6 6.O-O Be7 7.d4 cxd4 8.Qxd4 d6
9.Rd1 a6 10.b3 Nbd7 11.Bb2 O-O 12.Qf4 Qb8 13.e4 Nc5 14.e5 dxe5 15.Qxe5 Ncd7
16.Qxb8 Raxb8 17.Ne2 Rfd8 18.Ne5 Bxg2 19.Kxg2 Nxe5 20.Bxe5 Rbc8 21.Nc3 Kf8
22.Rxd8+ Rxd8 23.Rd1 Rxd1 24.Nxd1 Nd7 25.Bd4 Bc5 26.Bxc5+ Nxc5 27.Nc3 Ke7
28.Kf3 f5 29.Ke3 Kd6 30.b4 Nd7 31.Na4 Kc6 32.f4 e5 33.fxe5 Nxe5 34.c5 bxc5
35.Nxc5 a5 36.Kf4 axb4 37.Nb3 Ng4 38.h3 Nf2 39.Kxf5 Nxh3 40.Nd4+ Kd5 41.Ne6 g6+
42.Kf6 Nf2 43.Nc7+ Ke4 44.Kg7 g5 45.Kxh7 g4 46.Kg6 Kf3 47.Nd5 Nd3 48.Kf5 Kxg3
49.Nf6 Nc1 50.Nxg4 Nxa2 51.Ne5 b3 52.Nc4 Kf2 53.Ke4 Ke2  1/2-1/2

[Event "Tatry op"]
[Site "Tatranska Lomnica"]
[Date "1998.??.??"]
[Round "8"]
[White "Ostrowski, Leszek"]
[Black "Sergeev, Vladimir"]
[Result "1-0"]
[WhiteElo "2340"]
[BlackElo "2440"]

1.Nf3 Nf6 2.c4 g6 3.Nc3 c5 4.g3 Nc6 5.Bg2 Bg7 6.O-O O-O 7.d4 cxd4 8.Nxd4 Nxd4
9.Qxd4 d6 10.Qd2 a6 11.b3 Rb8 12.Rd1 b5 13.cxb5 axb5 14.Bb2 b4 15.Nd5 Nxd5
16.Bxg7 Kxg7 17.Bxd5 Qb6 18.Rac1 Ba6 19.h4 h5 20.Rc6 Qa7 21.Rdc1 Rfc8 22.Rxc8 Bxc8
23.Rc4 Bg4 24.Qb2+ Kg8 25.Qc2 e6 26.Bg2 d5 27.Rc7 Qb6 28.e4 d4 29.Rc6 Qb5
30.Bf1 Qe5 31.Bd3 Bf3 32.Rc5 Qg7 33.Qd2 Qf8 34.Qc1 Kg7 35.Rc7 Qd6 36.Rc6 Qe5
37.Rc5 Qf6 38.e5 Qd8 39.Qf4 Ba8 40.f3 Qe7 41.Rc4 Bd5 42.Rc2 Rb7 43.Kf2 Rd7
44.Rc8 Ra7 45.Rc2 Qd8 46.Qg5 Qa8 47.Qf6+ Kg8 48.g4 hxg4 49.h5 Qf8 50.h6 Rxa2
51.Rxa2 Qxh6 52.Rc2 Qe3+  1-0

[Event "Tel Aviv sim"]
[Site "Tel Aviv"]
[Date "1998.??.??"]
[Round "1"]
[White "Lautier, Joel"]
[Black "Roiz, Michael"]
[Result "1/2-1/2"]
[WhiteElo "2645"]
[BlackElo "2370"]

1.c4 Nf6 2.Nc3 c5 3.Nf3 d5 4.cxd5 Nxd5 5.e4 Nxc3 6.dxc3 Qxd1+ 7.Kxd1 Nc6
8.Be3 e6 9.Kc2 Be7 10.Bb5 Bd7 11.a4 O-O 12.Rhd1 Rfd8 13.Nd2 Be8 14.Nb3 Rxd1
15.Rxd1 a6 16.Be2 c4 17.Bxc4 Ne5 18.Be2 Bxa4 19.Ra1 b5 20.f4 Nc6 21.Bd1 Rd8
22.Bb6 Rb8 23.Be3 e5 24.Kc1 exf4 25.Bxf4 Rc8 26.Nd2 Bxd1 27.Kxd1 a5 28.Be3 Bf6
29.Ke2 a4 30.Rf1 b4 31.cxb4 Bxb2 32.Nc4 Nxb4 33.Nxb2 Rc2+ 34.Bd2 Rxb2 35.Rf5 Nc6
36.Rc5 Rb6 37.Ba5 Ra6 38.Bb4 f6 39.Ba3 Kf7 40.Kd3 Rb6 41.Kd2 Rb3 42.Rxc6 Rxa3
43.Rc7+ Kg6 44.Ke2 h5 45.Ra7 h4 46.Kf2 Kh6 47.Ke2 g6 48.Ra5 Kg7 49.Ra7+ Kf8
50.Kf2 g5 51.h3 Kg8 52.e5 fxe5 53.Ra5 Kf7 54.Rxe5 Rg3 55.Ra5 Ke6 56.Rxa4  1/2-1/2

[Event "ROM-chT"]
[Site "Timisu de Sus"]
[Date "1998.??.??"]
[Round "3"]
[White "Sofronie, Iulian"]
[Black "Suba, Mihai"]
[Result "1-0"]
[WhiteElo "2405"]
[BlackElo "2550"]

1.Nf3 c5 2.c4 Nf6 3.Nc3 e6 4.g3 b6 5.Bg2 Bb7 6.O-O Be7 7.Re1 O-O 8.e4 Nc6
9.e5 Ne8 10.d4 Nxd4 11.Nxd4 Bxg2 12.Nxe6 dxe6 13.Kxg2 a6 14.Qe2 Ra7 15.h4 Qa8+
16.Kh2 f5 17.Bf4 h6 18.h5 Bg5 19.Qe3 Bxf4 20.Qxf4 Rd7 21.Rad1 Rff7 22.Nd5 Qb7
23.Qe3 Nc7 24.Nxc7 Qxc7 25.Rd6 f4 26.Qd3 fxg3+ 27.fxg3 Rxd6 28.exd6 Qd7 29.Kg2 Rf5
30.Qd1 Kf7 31.Rf1 Kg8 32.Re1 Kh7 33.Re3 Kg8 34.Rd3 b5 35.Ra3 bxc4 36.Rxa6 Rd5  1-0

[Event "ROM-chT"]
[Site "Timisu de Sus"]
[Date "1998.??.??"]
[Round "4"]
[White "Kocsis, Levente"]
[Black "Cosma, Ioan"]
[Result "1/2-1/2"]
[WhiteElo "2390"]
[BlackElo "2475"]

1.Nf3 Nf6 2.c4 c5 3.Nc3 e6 4.g3 b6 5.Bg2 Bb7 6.O-O a6 7.d4 cxd4 8.Qxd4 d6
9.b3 Nbd7 10.Rd1 Be7 11.e4 Qc8 12.Bb2 O-O 13.Qe3 Qc7 14.Nd4 Rfe8 15.Rac1 Rac8
16.Qe2 Bf8 17.Nc2 Qb8 18.Re1 g6 19.Rcd1 h5 20.f3 Red8 21.Kh1 Bg7 22.Nd4 Re8
23.Nc2 h4 24.g4 Nh7 25.Qd2 b5 26.Qxd6 Qxd6 27.Rxd6 Ne5 28.f4 Nxg4 29.h3 Ngf6
30.e5 Bxg2+ 31.Kxg2 Nh5 32.Rd4 bxc4 33.bxc4 Ng3 34.Ne3 Bf8 35.Ne4 Bb4 36.Bc3 Bxc3
37.Nxc3 Nf5 38.Nxf5 gxf5 39.Rc1 f6 40.Na4 fxe5 41.fxe5 Nf8 42.c5 Rc6  1/2-1/2

[Event "RUS-Cup07"]
[Site "Tomsk"]
[Date "1998.??.??"]
[Round "7"]
[White "Iskusnyh, Sergei"]
[Black "Garagulya, K."]
[Result "0-1"]
[WhiteElo "2455"]
[BlackElo "2345"]

1.Nf3 c5 2.c4 Nf6 3.Nc3 b6 4.e4 d6 5.d4 cxd4 6.Nxd4 Bb7 7.Qe2 Nc6 8.Nxc6 Bxc6
9.Bf4 g6 10.O-O-O Qc8 11.Nd5 Bg7 12.Kb1 Qb7 13.h4 b5 14.c5 O-O 15.cxd6 exd6
16.Nxf6+ Bxf6 17.f3 d5 18.exd5 Bxd5 19.Bg5 Bc4 20.Qc2 Bg7 21.h5 Rfc8 22.Qd2 Qa6
23.a3 Qe6 24.Bd3 Ba2+ 25.Ka1 b4 26.h6 Bh8 27.axb4 Qb3 28.Bb1 Bxb1 29.Kxb1 a5
30.b5 Qxb5 31.Be7 Bc3 32.Qf2 Rab8 33.Rd2 Qf5+ 34.Ka1 Qe6 35.bxc3 Qxe7 36.Qd4 f6
37.Ra2 Rb5 38.Rd1 Rbc5 39.Rc2 Rc4 40.Qd5+ Kf8 41.Qd6 Rxc3 42.Qxe7+ Kxe7 43.Re2+ Kf8
44.Rd7 R3c7 45.Ree7 Rxd7 46.Rxd7 Rc2 47.g4 Rf2 48.Rxh7 Rxf3 49.Ra7 Kg8 50.g5 fxg5
51.Rg7+ Kh8 52.Rxg6 Rf5 53.Rg7 Rb5 54.Ka2 a4 55.Ka3 Ra5 56.Rc7 Ra8 57.Re7 g4
58.Re1 Kh7 59.Rg1 Rg8 60.Kxa4 Kxh6 61.Kb4 Kg5 62.Kc3 Rd8 63.Rf1 g3  0-1

[Event "Trinec op9798"]
[Site "Trinec"]
[Date "1998.??.??"]
[Round "?"]
[White "Kolesar, Milan"]
[Black "Likavsky, Tomas"]
[Result "1/2-1/2"]
[WhiteElo "2225"]
[BlackElo "2240"]

1.Nf3 c5 2.c4 Nf6 3.Nc3 e6 4.g3 b6 5.Bg2 Bb7 6.O-O d6 7.d4 cxd4 8.Qxd4 a6
9.Be3 Nbd7 10.Ng5 Bxg2 11.Kxg2 Rc8 12.Nge4 Rc6 13.b3 Be7 14.Rfd1 O-O 15.Qd2 b5
16.cxb5 axb5 17.Rac1 Qa8 18.f3 Nxe4 19.Nxe4 Ra6 20.Rc2 d5 21.Ra1 Rd8 22.Bc5 Nxc5
23.Nxc5 Ra3 24.Nd3 Rxb3 25.axb3 Qxa1 26.Ra2 Qd4 27.Qa5 b4 28.Qc7 Bf6 29.Ra4 Qc3
30.Qa7 Qxb3 31.Rxb4 Qc2 32.Kf2 Qc3 33.Qa2 g6 34.Rb7 Bd4+ 35.Kg2 e5 36.Rb3 Qc8
37.Rb5 Qd7 38.Qb3 h5 39.h4 Ba1 40.Rb7 Qc6 41.Rb8 Rxb8 42.Qxb8+ Kg7 43.Qb3 Qc4
44.Qd1 Bd4 45.Qd2 Bc3 46.Qe3 Qc7 47.g4 Bd4 48.Qd2 hxg4 49.fxg4 e4 50.Nf4 Qc5
51.Nxd5 Qxd5 52.e3 Kh7 53.Qxd4 Qa2+ 54.Kg3 Qb1 55.Kf4 Qf1+ 56.Kg5 Qf3 57.h5 f6+
58.Qxf6 Qxe3+ 59.Qf4 Qc5+ 60.Kf6 Qd4+ 61.Ke6 gxh5 62.Qf5+ Kg8 63.Qf7+ Kh8
64.Qxh5+ Kg8  1/2-1/2

[Event "JUG Cup"]
[Site "Ulcinj"]
[Date "1998.??.??"]
[Round "6"]
[White "Arsovic, Zoran"]
[Black "Milanovic, Danilo"]
[Result "1-0"]
[WhiteElo "2430"]
[BlackElo "2420"]

1.Nf3 Nf6 2.c4 c5 3.Nc3 d5 4.cxd5 Nxd5 5.g3 Nc6 6.Bg2 Nc7 7.a3 e5 8.b4 f6
9.bxc5 Bxc5 10.O-O O-O 11.Bb2 Kh8 12.Na4 Be7 13.Rc1 Rb8 14.d3 Be6 15.Nc5 Bd5
16.Qc2 Nb5 17.e3 b6 18.Na6 Rc8 19.Qa4 Nd6 20.e4 b5 21.Qd1 Bf7 22.Bh3 Qb6
23.Nc5 Nb8 24.Bxc8 Rxc8 25.Nb3 Nc6 26.Nfd2 a5 27.Qg4 Rd8 28.Rc2 Ne8 29.Rfc1 Na7
30.Qf3 Kg8 31.Nc5 Nc8 32.Qe3 a4 33.d4 exd4 34.Bxd4 Qb8 35.Rb2 Ncd6 36.Nxa4 Qa8
37.Nc5 Nc4 38.Nxc4 bxc4 39.Rcb1 Qc8 40.Nb7 Rd7 41.a4 f5 42.exf5 Rxd4 43.Qxd4 c3
44.Rc2 Qxf5 45.Qxc3 Bd5 46.Rb5  1-0

[Event "Vienna op 13th"]
[Site "Vienna"]
[Date "1998.??.??"]
[Round "?"]
[White "Kolesar, Milan"]
[Black "Miniboeck, Guenter"]
[Result "0-1"]
[WhiteElo "2225"]
[BlackElo "2360"]

1.Nf3 c5 2.c4 Nf6 3.Nc3 d5 4.cxd5 Nxd5 5.g3 Nc6 6.Bg2 Nc7 7.Qa4 Bd7 8.Qe4 g6
9.Ne5 Bg7 10.Nxd7 Qxd7 11.Qa4 O-O 12.Bxc6 bxc6 13.O-O Nb5 14.Qc4 Qd4 15.Qb3 Rab8
16.Qc2 c4 17.Rd1 Rfd8 18.Nxb5 cxb5 19.Rb1 Rbc8 20.b4 Qg4 21.f3 Qe6 22.Re1 Bh6
23.Kg2 Rd5 24.a4 a6 25.axb5 axb5 26.Ra1 Rcd8 27.Ra2 Qd6 28.Rd1 Qxb4 29.Ba3 Qb3
30.Bxe7 Qxc2 31.Rxc2 Rxd2 32.Rcxd2 Rxd2  0-1

[Event "Vienna op 13th"]
[Site "Vienna"]
[Date "1998.??.??"]
[Round "?"]
[White "Kwatschewsky, Leo"]
[Black "Ulibin, Mikhail"]
[Result "0-1"]
[WhiteElo "2230"]
[BlackElo "2575"]

1.c4 c5 2.Nf3 Nf6 3.Nc3 e6 4.e3 d5 5.d4 a6 6.a3 dxc4 7.dxc5 Qxd1+ 8.Nxd1 Bxc5
9.Bxc4 b5 10.Bd3 Bb7 11.b4 Bd6 12.Bb2 Nbd7 13.O-O Ke7 14.Rc1 Rhd8 15.Be2 Rac8
16.Rxc8 Rxc8 17.Nc3 Ng4 18.Rc1 Nb6 19.h3 Bxf3 20.gxf3 Ne5 21.Ne4 Rxc1+ 22.Bxc1 Na4
23.Kf1 f5 24.Nxd6 Kxd6 25.f4 Nc4 26.Ke1 g6 27.Bf3 Nc3 28.Bb7 a5 29.bxa5 Nxa5
30.Ba6 Nb3 31.Bb2 Na4 32.Bd4 Kc6 33.Bc8 Nbc5  0-1

[Event "Vlissingen HZ op"]
[Site "Vlissingen"]
[Date "1998.??.??"]
[Round "3"]
[White "Chuchelov, Vladimir"]
[Black "Roobol, Martin"]
[Result "1-0"]
[WhiteElo "2545"]
[BlackElo "2240"]

1.Nf3 Nf6 2.c4 g6 3.Nc3 c5 4.e4 Bg7 5.d4 cxd4 6.Nxd4 Nc6 7.Be3 Ng4 8.Qxg4 Nxd4
9.Qd1 e5 10.Bd3 O-O 11.O-O b6 12.Rc1 Bb7 13.Qd2 f5 14.exf5 Qh4 15.f4 gxf5
16.fxe5 Bxe5 17.Bf4 Bxf4 18.Qxf4 Qf6 19.Rce1 Rae8 20.Rxe8 Rxe8 21.h3 Qg7
22.Rf2 Re1+ 23.Bf1 Re8 24.Kh2 Rf8 25.Nd5 Ne6 26.Qd2 Nc5 27.Rf3 Ne4 28.Qf4 Bxd5
29.cxd5 Qxb2 30.Bd3 Qd4 31.Bxe4 Qxe4 32.Qg5+ Kh8 33.Re3 Qd4 34.Re7 Qf6 35.Qxf6+ Rxf6
36.Rxd7 Kg8 37.Kg3 Rf7 38.Rd8+ Kg7 39.Kf4 Kg6 40.Ke5 Re7+ 41.Kd6 Re2 42.Kc7 Rc2+
43.Kb7 Rxa2 44.d6 Kf7 45.Rh8 Rd2 46.Kc7 Rc2+ 47.Kd8 a5 48.Rxh7+ Ke6 49.d7 a4
50.Ke8 Rd2  1-0

[Event "Vlissingen HZ op"]
[Site "Vlissingen"]
[Date "1998.??.??"]
[Round "4"]
[White "Janssen, Ruud"]
[Black "Chuchelov, Vladimir"]
[Result "1/2-1/2"]
[WhiteElo "2290"]
[BlackElo "2545"]

1.Nf3 Nf6 2.c4 c5 3.Nc3 b6 4.g3 Bb7 5.Bg2 g6 6.b3 Bg7 7.Bb2 O-O 8.O-O d6
9.e3 Nbd7 10.d4 Ne4 11.Rc1 a6 12.Qd3 Nxc3 13.Bxc3 b5 14.a4 bxc4 15.bxc4 cxd4
16.exd4 Qc7 17.Rfe1 e6 18.a5 Rfc8 19.Bb4 d5 20.Nd2 Nf6 21.Qa3 Qd7 22.Nb3 Bc6
23.Nc5 Qe8 24.cxd5 Nxd5 25.Ne4 Qd7 26.Bc5 Rab8 27.Rb1 Rd8 28.Nd6 Nc7 29.Rb6 Bxg2
30.Kxg2 Rxb6 31.axb6 Nb5 32.Nxb5 Qxb5 33.Ra1 Bxd4 34.Bxd4 Rxd4 35.Qxa6 Qxa6
36.Rxa6 Rb4 37.Ra8+ Kg7 38.Rb8 Rb2 39.Kf3 g5 40.h3 Kf6  1/2-1/2

[Event "Vlissingen HZ op"]
[Site "Vlissingen"]
[Date "1998.??.??"]
[Round "7"]
[White "Chuchelov, Vladimir"]
[Black "Delemarre, Jop"]
[Result "1-0"]
[WhiteElo "2545"]
[BlackElo "2420"]

1.c4 Nf6 2.Nf3 c5 3.Nc3 b6 4.e4 Nc6 5.d4 cxd4 6.Nxd4 e6 7.Ndb5 d6 8.Bf4 Ne5
9.Qd4 Bb7 10.O-O-O Nc6 11.Nxd6+ Bxd6 12.Qxd6 Qxd6 13.Bxd6  1-0

[Event "GER CupT f"]
[Site "Walldorf"]
[Date "1998.??.??"]
[Round "?.3"]
[White "Vaganian, Rafael A"]
[Black "Bischoff, Klaus"]
[Result "1-0"]
[WhiteElo "2630"]
[BlackElo "2545"]

1.Nf3 Nf6 2.c4 c5 3.Nc3 e6 4.g3 b6 5.Bg2 Bb7 6.O-O Be7 7.Re1 a6 8.e4 d6 9.d4 cxd4
10.Nxd4 Qc7 11.Be3 O-O 12.Rc1 Re8 13.f4 Bf8 14.f5 exf5 15.Nd5 Bxd5 16.cxd5 Qb7
17.exf5 Nbd7 18.Nc6 g6 19.Qf3 Bg7 20.Bf4 Bf8 21.Bg5 Bg7 22.fxg6 hxg6 23.Rf1 Ne5
24.Nxe5 Rxe5 25.Bf4 Nd7 26.Qa3 Bf8 27.Qc3 b5 28.Qc7 Ra7 29.Qxb7 Rxb7 30.Bxe5 Nxe5
31.Rc8 b4 32.Rfc1 Kg7 33.Bf1 Be7 34.R1c7 Rxc7 35.Rxc7 Bg5 36.Bxa6 Be3+ 37.Kf1 Bb6
38.Rb7 Bc5 39.Be2 Kf6 40.h4 Kf5 41.g4+ Ke4 42.h5 gxh5 43.gxh5 Kf5 44.Rb8 Kg5
45.Rg8+ Kh6 46.Ra8 Nd7 47.Rc8  1-0

[Event "Wattens op 13th"]
[Site "Wattens"]
[Date "1998.??.??"]
[Round "6"]
[White "Alge, Karin"]
[Black "Wiesinger, Bianca"]
[Result "1/2-1/2"]
[WhiteElo "1725"]
[BlackElo "1605"]

1.c4 c5 2.Nf3 Nf6 3.Nc3 d5 4.cxd5 Nxd5 5.e4 Nb4 6.Bb5+ N8c6 7.d4 cxd4 8.a3 dxc3
9.Qxd8+ Kxd8 10.axb4 cxb2 11.Bxb2 e6 12.O-O Bd7  1/2-1/2

[Event "POL-chT2"]
[Site "Wisla"]
[Date "1998.??.??"]
[Round "?"]
[White "Kusina, Jan"]
[Black "Kardys, Zbigniew"]
[Result "1-0"]
[WhiteElo "2135"]
[BlackElo "2180"]

1.c4 Nf6 2.Nc3 c5 3.Nf3 e6 4.d4 cxd4 5.Nxd4 d6 6.e4 Be7 7.Be2 O-O 8.O-O Nc6
9.Be3 a6 10.Qd2 Qc7 11.Rac1 Ne5 12.b3 b6 13.f3 Bb7 14.Rfd1 Rfe8 15.Bf1 Rac8
16.Kh1 Qb8 17.Nde2 Ba8 18.Nf4 Bf8 19.Qf2 Ned7 20.Nd3 b5 21.Nb2 bxc4 22.Bxc4 Bb7
23.Nba4 d5 24.exd5 exd5 25.Nxd5 Ba3 26.Bf4 Qa8 27.Nxf6+ Nxf6 28.Rc2 Bc6 29.Nb6 Qa7
30.Nxc8  1-0

[Event "POL-chT2"]
[Site "Wisla"]
[Date "1998.??.??"]
[Round "?"]
[White "Kempa, Stefan"]
[Black "Antkowiak, Grzegorz"]
[Result "1-0"]
[WhiteElo "2145"]
[BlackElo "2225"]

1.c4 c5 2.Nf3 Nf6 3.Nc3 g6 4.g3 b6 5.Bg2 Bb7 6.O-O Bg7 7.Re1 O-O 8.e4 Nc6
9.d3 d6 10.h3 Qd7 11.Nh2 e5 12.Nf3 Rae8 13.a3 Nd4 14.Nxd4 cxd4 15.Ne2 Kh8
16.g4 Ng8 17.Ng3 Ne7 18.b4 f5 19.f3 f4 20.Nh1 Bf6 21.Re2 h5 22.Bf1 hxg4 23.hxg4 Kg7
24.Rh2 Rh8 25.Raa2 Bh4 26.Rag2 g5 27.Be2 Ng6 28.Qf1 Rh6 29.Rh3 Reh8 30.Rgh2 Kf6
31.Bd1 Qh7 32.Kg2 Bc8 33.Be2 Be6 34.Nf2 Qd7 35.Nd1 a6 36.Nb2 b5 37.Bd2 Rc8
38.Rh1 Rhh8 39.Bd1 Rc7 40.Qe2 Rg8 41.Bb3 Kf7 42.Ra1 Kg7 43.Rah1 Rh8 44.Qd1 Rhc8
45.Qe2 Bg8 46.Ra1 Bg3 47.a4 Nh4+ 48.Kf1 Be6 49.Rxg3 fxg3 50.Bxg5 Nxf3 51.Qxf3 Rf8
52.Bh6+ Kxh6 53.Qxf8+ Kg6 54.Kg2 Qh7 55.Rh1 Rf7 56.Qe8  1-0

[Event "EUCup final (Women)"]
[Site "Wuppertal"]
[Date "1998.??.??"]
[Round "6"]
[White "Radziewicz, Iweta"]
[Black "Litinskaya, Marta I"]
[Result "1-0"]
[WhiteElo "2420"]
[BlackElo "2340"]

1.Nf3 c5 2.c4 Nf6 3.Nc3 g6 4.d4 Bg7 5.d5 d6 6.Bg5 Na6 7.Nd2 h6 8.Bh4 g5 9.Bg3 Nh5
10.e3 Nxg3 11.hxg3 Bf5 12.g4 Bg6 13.Rc1 Nc7 14.Nde4 a6 15.Bd3 b5 16.b3 b4
17.Ne2 a5 18.N4g3 a4 19.Bxg6 fxg6 20.Qc2 Kf7 21.f4 axb3 22.axb3 Bf6 23.f5 Qg8
24.Ne4 gxf5 25.Nxf6 exf6 26.Qxf5 Qc8 27.Qf3 Ne8 28.Ng3 Ng7 29.O-O Qd8 30.Ne4 Ne8
31.Qf5 Ra7 32.Rc2 Re7 33.Ra2 Qd7 34.Qf3 Rxe4 35.Qxe4 h5 36.Qf5 Qe7 37.Qxg5 hxg4
38.Ra8 Rg8 39.Qf4  1-0

[Event "Ardid mem 10th op"]
[Site "Zaragoza"]
[Date "1998.??.??"]
[Round "5"]
[White "San Segundo, Pablo"]
[Black "Granero Roca, Antonio"]
[Result "1-0"]
[WhiteElo "2505"]
[BlackElo "2350"]

1.Nf3 Nf6 2.c4 g6 3.Nc3 c5 4.e4 Nc6 5.d4 cxd4 6.Nxd4 Bg7 7.Be3 Ng4 8.Qxg4 Nxd4
9.Qd1 Ne6 10.Rc1 Qa5 11.Bd3 b6 12.O-O Bb7 13.f4 Nc5 14.Bb1 O-O 15.Bd2 Qa6
16.b4 Ne6 17.a4 b5 18.axb5 Qd6 19.Nd5 Bxd5 20.exd5 Bd4+ 21.Kh1 Ng7 22.Qf3 e6
23.Rcd1 exd5 24.c5 Qf6 25.Qxd5 Rae8 26.f5 Qe5 27.Qxe5 Bxe5 28.f6  1-0

[Event "Ardid mem 10th op"]
[Site "Zaragoza"]
[Date "1998.??.??"]
[Round "8"]
[White "Hernando, Antonio"]
[Black "Estremera Panos, Sergio"]
[Result "0-1"]
[WhiteElo "2240"]
[BlackElo "2400"]

1.Nf3 c5 2.c4 Nf6 3.Nc3 b6 4.g3 Bb7 5.Bg2 g6 6.O-O Bg7 7.d4 cxd4 8.Nxd4 Bxg2
9.Kxg2 Qc7 10.b3 O-O 11.e4 Nxe4 12.Nxe4 Qe5 13.Qf3 Qxd4 14.Rb1 Qe5 15.Bf4 Qe6
16.Nf6+ Bxf6 17.Qxa8 Nc6 18.Qb7 g5 19.Rbe1 Qf5 20.Be3 Rb8 21.Qa6 Ne5 22.f4 Qe4+
23.Kg1 Nf3+ 24.Rxf3 Qxf3 25.Qxa7 Ra8 26.Qxb6 Rxa2 27.Bf2 gxf4 28.gxf4 Qxf4  0-1

[Event "Computerij op"]
[Site "Zwolle"]
[Date "1998.??.??"]
[Round "4"]
[White "De Boer, Sybolt"]
[Black "Chuchelov, Vladimir"]
[Result "0-1"]
[WhiteElo "2285"]
[BlackElo "2545"]

1.Nf3 Nf6 2.c4 c5 3.Nc3 e6 4.g3 b6 5.Bg2 Bb7 6.O-O Be7 7.d4 cxd4 8.Qxd4 d6
9.b3 O-O 10.Rd1 Nbd7 11.Bg5 h6 12.Rac1 Qc7 13.Bxf6 Nxf6 14.Qd3 Rac8 15.Nd4 Bxg2
16.Kxg2 Qb7+ 17.Qf3 Qxf3+ 18.Kxf3 Rc7 19.e4 Rfc8 20.Nde2 h5 21.h3 g6 22.Ke3 Ne8
23.f4 Bf6 24.a4 Rc5 25.Kf3 Kf8 26.Rb1 Ke7 27.Rd3 R5c7 28.Rbd1 Kf8 29.Nd4 Rc5
30.Nde2 Be7 31.Nd4 Nc7 32.g4 hxg4+ 33.hxg4 Ne8 34.Nde2 g5 35.f5 Bf6 36.Rh1 Bg7
37.Nd4 Re5 38.Kg2 Nf6 39.Nf3 Rec5 40.Kg3 b5 41.Rxd6 b4 42.e5 Ne8 43.Ne4 Rxe5
44.Nxe5 Bxe5+ 45.Kf3 Bxd6 46.f6 Kg8 47.Nxd6 Nxd6 48.Rh5 Ne8 49.Rxg5+ Kh7
50.Ra5 Rc6 51.g5 Kg6 52.Kf4 Nd6 53.Re5 Nb7 54.Re3 Rc5 55.Rg3 Rf5+ 56.Ke4 Rxg5  0-1

[Event "Hastings Challengers"]
[Site "Hastings"]
[Date "1999.01.02"]
[Round "5"]
[White "Summerscale, Aaron"]
[Black "Brustkern, Juergen"]
[Result "1-0"]
[WhiteElo "2455"]
[BlackElo "2255"]

1.Nf3 c5 2.c4 Nf6 3.Nc3 b6 4.g3 Bb7 5.Bg2 e6 6.O-O a6 7.Re1 Be7 8.e4 d6 9.d4 cxd4
10.Nxd4 Qc7 11.Be3 O-O 12.Rc1 Nbd7 13.f4 Rfe8 14.Bf2 Bf8 15.f5 e5 16.Nc2 Rac8
17.Ne3 Qb8 18.g4 h6 19.h4 Qa8 20.Qf3 g5 21.fxg6 fxg6 22.g5 hxg5 23.hxg5 Nh7
24.Ncd5 Bc6 25.Bh4 Qb7 26.Bh3 Rcd8 27.b4 b5 28.cxb5 axb5 29.Rf1 Nb6 30.Rxc6 Qxc6
31.Qf7+ Kh8 32.Qxg6 Nxd5 33.Rf7 Qc1+ 34.Kh2 Qd2+ 35.Bg2  1-0

[Event "Hastings Challengers"]
[Site "Hastings"]
[Date "1999.01.03"]
[Round "6"]
[White "Lalic, Bogdan"]
[Black "Miezis, Normunds"]
[Result "1/2-1/2"]
[WhiteElo "2560"]
[BlackElo "2515"]

1.Nf3 c5 2.c4 Nf6 3.Nc3 d5 4.cxd5 Nxd5 5.d4 cxd4 6.Qxd4 Nxc3 7.Qxc3 Bf5 8.Be3 Nc6
9.Rd1 Qc8 10.a3 f6 11.h3 e5 12.g4 Be4 13.Bg2 Ne7 14.Qb3 Qc2 15.Qxc2 Bxc2
16.Rd2 Be4 17.O-O Nd5 18.Rc1 Nxe3 19.fxe3 Be7 20.Nh4 Bxg2 21.Kxg2 Rd8 22.Rdc2 g6
23.Rc7 Rd7 24.Nf3  1/2-1/2

[Event "Hastings Challengers"]
[Site "Hastings"]
[Date "1999.01.03"]
[Round "6"]
[White "Duncan, Christopher R"]
[Black "Bischoff, Klaus"]
[Result "0-1"]
[WhiteElo "2265"]
[BlackElo "2550"]

1.c4 c5 2.Nf3 Nf6 3.Nc3 e6 4.d4 cxd4 5.Nxd4 a6 6.g3 Qc7 7.Bg2 Be7 8.O-O O-O
9.Qd3 d6 10.Rd1 Nbd7 11.b3 Ne5 12.Qd2 Rd8 13.Bb2 Bd7 14.Rac1 Rac8 15.h3 Qb8
16.a4 Bc6 17.Ba3 Bxg2 18.Kxg2 b6 19.Qe3 Qb7+ 20.Kg1 Bf8 21.Rc2 Ned7 22.Qf3 Qxf3
23.exf3 g6 24.Bb4 Nc5 25.Rcd2 d5 26.Bxc5 bxc5 27.Nde2 d4 28.Ne4 Nxe4 29.fxe4 Rb8
30.Rd3 e5 31.g4 Rd6 32.Rf3 Rdb6 33.Rdd3 Be7 34.Kf1 Kg7 35.Ng3 R6b7 36.Kg2 Rh8
37.Rd1 Bd8 38.Rdd3 Ba5 39.Ne2 h5 40.Kg3 hxg4 41.hxg4 Rh1 42.Kg2 Re1 43.Ng3 Rb8
44.Nf1 Rxe4  0-1

[Event "Basel Hilton op"]
[Site "Basel"]
[Date "1999.01.04"]
[Round "7"]
[White "Rukavina, Josip"]
[Black "Greenfeld, Alon"]
[Result "0-1"]
[WhiteElo "2426"]
[BlackElo "2521"]

1.c4 Nf6 2.Nc3 c5 3.Nf3 e6 4.g3 Nc6 5.Bg2 d5 6.cxd5 Nxd5 7.O-O Be7 8.d4 O-O
9.e4 Ndb4 10.dxc5 Bxc5 11.Na4 Be7 12.Bd2 b6 13.a3 Nd3 14.Qb3 Ba6 15.Rfd1 b5
16.Nc3 Nxf2 17.Kxf2 Bc5+ 18.Be3 Bxe3+ 19.Kxe3 Qb6+ 20.Kf4 e5+ 21.Nxe5 Nxe5
22.Nd5 Qf2+  0-1

[Event "Bad Zwesten op"]
[Site "Bad Zwesten"]
[Date "1999.01.05"]
[Round "7"]
[White "Kuenitz, Klaus"]
[Black "Ackermann, Hans Werner"]
[Result "0-1"]
[WhiteElo "2048"]
[BlackElo "2300"]

1.Nf3 c5 2.c4 Nf6 3.Nc3 g6 4.e4 d6 5.d4 cxd4 6.Nxd4 Bg7 7.Be2 Nc6 8.Be3 Qa5
9.O-O O-O 10.Nb3 Qd8 11.Qd2 Re8 12.Rfd1 b6 13.f3 Bb7 14.Rac1 Rc8 15.Bf1 Qc7
16.Qf2 Qb8 17.Nd5 Nd7 18.Nd4 Nde5 19.Nxc6 Nxc6 20.b3 Nd8 21.Bg5 f6 22.Be3 Nf7
23.Nf4 e5 24.Nd5 Bxd5 25.cxd5 Rxc1 26.Bxc1 Rc8 27.Ba6 Rc7 28.Be3 Bh6 29.Bxh6 Nxh6
30.Qd2 Nf7 31.Rc1 Nd8 32.Bb5 Rc5 33.Bc6 Qc7 34.b4 Rxc1+ 35.Qxc1 a5 36.a3 Kg7
37.h4 Qc8 38.Qc4 axb4 39.axb4 g5 40.hxg5 fxg5 41.b5 h6 42.Kf2 Nb7 43.Qa2 Na5
44.Qa1 h5 45.Qh1 Kh6 46.Qh3 Qxh3 47.gxh3 Nb3 48.Kg3 Nc5 49.Kg2 Nd3 50.Bd7 g4
51.hxg4 h4 52.g5+ Kxg5 53.Bg4 Nc5 54.Kh3 Nb3 55.Bd7 Nd4 56.Kg2 Kf4 57.Be8 Nxf3
58.Bg6 Ng5  0-1

[Event "Rilton Cup 9899"]
[Site "Stockholm"]
[Date "1999.01.05"]
[Round "8"]
[White "Bjarnehag, Peter"]
[Black "Salmensuu, Olli"]
[Result "0-1"]
[WhiteElo "2260"]
[BlackElo "2420"]

1.Nf3 Nf6 2.c4 c5 3.Nc3 d5 4.cxd5 Nxd5 5.e4 Nb4 6.Bc4 Nd3+ 7.Ke2 Nf4+ 8.Kf1 Ne6
9.Ne5 Qd6 10.Qa4+ Nc6 11.Nxc6 Bd7 12.Qb3 Bxc6 13.d3 g6 14.Be3 Bg7 15.Nb5 Qd7
16.a4 b6 17.Ke2 O-O 18.Bxe6 fxe6 19.Rhd1 Rf7 20.f3 Rd8 21.Rd2 Be5 22.g3 Rdf8
23.Rf1 Bg7 24.Rf2 Rd8 25.Rf1 Kh8 26.Rf2 h6 27.Rf1 Rdf8 28.Rf2 g5 29.d4 g4
30.dxc5 gxf3+ 31.Kf1 Qc8 32.Nxa7 Qa6+ 33.Nb5 bxc5 34.Bxc5 Bxe4 35.Bd4 e5
36.Be3 Rc8 37.Rd1 Rff8 38.Qb4 Bc2 39.Ra1 e4 40.Kg1 Bd3 41.Re1 Rc4 42.Qxe7 Qxa4
43.Nd6 Qa5 44.Bd2 Qc5 45.Qe6 Rc2 46.b4 Qa7  0-1

[Event "BL2-S9899"]
[Site "Germany"]
[Date "1999.01.10"]
[Round "4.2"]
[White "Beim, Valery"]
[Black "Panzalovic, Srdjan"]
[Result "1-0"]
[WhiteElo "2562"]
[BlackElo "2435"]

1.Nf3 c5 2.c4 Nf6 3.Nc3 g6 4.d4 cxd4 5.Nxd4 Nc6 6.e4 Nxd4 7.Qxd4 d6 8.Be2 Bg7
9.Be3 O-O 10.Qd2 Be6 11.O-O Qa5 12.Rab1 Rfc8 13.Rfc1 Qd8 14.b3 a6 15.f3 Bd7
16.Rd1 b5 17.c5 Qc7 18.Nd5 Nxd5 19.Qxd5 Be6 20.cxd6 Qc2 21.Qd2 exd6 22.Bf1 Rc3
23.Bg5 Qxd2 24.Rxd2 h6 25.Be7 Rac8 26.Bxd6 Rc1 27.Rxc1 Rxc1 28.Bf4 Ra1 29.g4 Bc3
30.Rc2 b4 31.Kg2 a5 32.Bb5 Rd1 33.Bxh6 f5 34.gxf5 gxf5 35.Be3 Kf7 36.Bb6 f4
37.Bxa5 Bd4 38.Bf1 Be3 39.Bc7 Bh3+ 40.Kxh3 Rxf1 41.Kg2  1-0

[Event "South Wales 2nd"]
[Site "Newport"]
[Date "1999.01.11"]
[Round "1"]
[White "Beaumont, Chris"]
[Black "Baker, Chris W"]
[Result "1/2-1/2"]
[WhiteElo "2298"]
[BlackElo "2390"]

1.Nf3 c5 2.c4 Nf6 3.Nc3 g6 4.d4 cxd4 5.Nxd4 Bg7 6.g3 O-O 7.Bg2 Nc6 8.O-O Qa5
9.Nb3 Qh5 10.e4 Qxd1 11.Rxd1 d6 12.h3 Be6 13.Nd5 Rfc8 14.Bg5 Bxd5 15.cxd5 Ne5
16.Nd4 h6 17.Be3 a6 18.b3 Rc3 19.Rac1 Rac8 20.Rxc3 Rxc3 21.Kf1 Ned7 22.Ke2 Nc5
23.f3 Nfd7 24.Kd2 Rd3+ 25.Ke2 Rc3 26.Kd2  1/2-1/2

[Event "Troll Masters"]
[Site "Gausdal"]
[Date "1999.01.12"]
[Round "5"]
[White "Ornstein, Axel"]
[Black "Miezis, Normunds"]
[Result "1-0"]
[WhiteElo "2425"]
[BlackElo "2515"]

1.Nf3 c5 2.c4 Nf6 3.Nc3 d5 4.cxd5 Nxd5 5.g3 Nc6 6.Bg2 Nxc3 7.bxc3 e5 8.d3 Be7
9.O-O O-O 10.Rb1 Qc7 11.Nd2 Rd8 12.Nc4 Be6 13.Qa4 Rac8 14.f4 exf4 15.Bxf4 Qd7
16.Bxc6 bxc6 17.Ne5 Qe8 18.Rb7 Bf6 19.Qe4 Rd5 20.c4 Rd4 21.Qe3 Bh3 22.Rf3 g5
23.Bxg5 Bxe5 24.Re7 Rd5 25.Rxe8+ Rxe8 26.cxd5 Bd4 27.dxc6 f6 28.Qxd4 cxd4
29.Bxf6 Rxe2 30.g4 Bxg4 31.Rg3 h5 32.h3 Kf7 33.hxg4 Kxf6 34.gxh5 Re7 35.h6 Rh7
36.Rh3 Ke6 37.Kf2 Kd6 38.Kf3 Kxc6 39.Ke4 Kc5 40.Rh5+ Kb4 41.Kxd4 a5 42.Ke5 a4
43.d4 Ka3 44.Rh2  1-0

[Event "Caribbean op"]
[Site "Port of Spain"]
[Date "1999.01.15"]
[Round "5"]
[White "Urday, Henry"]
[Black "Ostos, Julio"]
[Result "1-0"]
[WhiteElo "2475"]
[BlackElo "2330"]

1.c4 Nf6 2.Nc3 c5 3.Nf3 g6 4.d4 Bg7 5.e4 O-O 6.Be2 d6 7.O-O Bg4 8.Be3 Bxf3
9.Bxf3 cxd4 10.Bxd4 Nc6 11.Be3 Qa5 12.Rc1 Rfc8 13.Be2 Rab8 14.f3 a6 15.Qd2 b5
16.cxb5 axb5 17.Rfd1 b4 18.Nd5 Kf8 19.Bc4 Nxd5 20.Bxd5 Qb5 21.Qc2 Na7 22.Qb3 Rxc1
23.Rxc1 Rc8 24.Rxc8+ Nxc8 25.Bxf7 Qe2 26.h3 Qe1+ 27.Kh2 Qf1 28.Bc4 Be5+ 29.f4  1-0